000 00292nam a2200133Ia 4500
100 _aSHARMA/P.C.
650 _aPRODUCTION
942 _cBK
245 _aText Book of Production Technology
260 _bTech-Max Publ.
_aPune
_c2009
082 _a671/SHA
300 _a822
546 _aENGLISH
999 _c33328
_d33328